Statistiche per Riconosci la Squadra di calcio - Quiz n°179

Clicka qui per fare il quiz!

Statistiche generali

  • Questo quiz è stato fatto 4 volte
  • Il punteggio medio è 7 su 10

Statistiche sulle risposte

IndizioRisposta% Corretto
Trofei nazionali13 Coppe di Romania
2 Supercoppe di Romania
1 Coppa di Lega
100%
Colori socialiRosso, bianco
100%
Trofei internazionali0
75%
Titoli nazionali18 campionati rumeni
75%
SimboliLupo
75%
Divisione nazionale 2023-2024Prima
75%
ConfederazioneUEFA
75%
Capienza Stadio15 300 posti
50%
Fondazione1948
50%
SquadraDinamo Bucarest
50%

Distribuzione punteggi

Percentile per numero di risposta

Percentuale di utenti per punteggio

I tuoi punteggi nel tempo

Non hai fatto questo quiz